000 00680nam a2200253Ia 4500
003 OSt
005 20220912144903.0
006 a|||||r|||| 00| 0
007 ta
008 220909b |||||||| |||| 00| 0 eng d
024 _a69445
037 _cTextual
040 _aCSL
_beng
_cCSL
041 _aeng
082 _aB28931, M7
100 _aSeierstad Atle
245 0 _aOptimal control theory with economic applications
260 _aAmsterdam
_bNorth Holland
_c1987
300 _a445p.
_ccm.
650 _aOptimal theory
700 _a Sydsaeter Knut
942 _hB28931, M7
_cTEXL
_2CC
999 _c18216
_d18216